| Tag |
First Indicator |
Second Indicator |
Subfields |
| LEADER |
00000cam a22000004a 4500 |
| 001 |
in00004482913 |
| 005 |
20191203081640.0 |
| 008 |
981124s1999 enka d 000 0 eng |
| 010 |
|
|
|a 98053103
|
| 020 |
|
|
|a 0750636157 (pbk.)
|
| 035 |
|
|
|a (OCoLC)40444522
|
| 035 |
|
|
|9 AAH6724MS
|
| 035 |
|
|
|z (UtOrBLW)26220
|
| 035 |
|
|
|a 40059
|
| 040 |
|
|
|a DLC
|c DLC
|d UtOrBLW
|
| 042 |
|
|
|a pcc
|
| 049 |
|
|
|a TMVM
|c 1
|
| 050 |
0 |
0 |
|a SF774.5
|b .L25 1999
|
| 082 |
0 |
0 |
|a 636.089/073
|2 21
|
| 096 |
|
|
|a SF 774.5
|b L265d 1999
|
| 100 |
1 |
|
|a Lane, D. R.
|
| 245 |
1 |
0 |
|a Dictionary of veterinary nursing /
|c D.R. Lane, S. Guthrie.
|
| 246 |
3 |
0 |
|a Veterinary nursing
|
| 264 |
|
1 |
|a Oxford ;
|a Boston :
|b Butterworth-Heinemann,
|c 1999.
|
| 300 |
|
|
|a 271 pages :
|b illustrations ;
|c 22 cm.
|
| 336 |
|
|
|a text
|2 rdacontent
|b txt
|
| 337 |
|
|
|a unmediated
|2 rdamedia
|
| 338 |
|
|
|a volume
|2 rdacarrier
|b nc
|
| 650 |
|
2 |
|a Veterinary Medicine
|v Dictionary.
|
| 650 |
|
2 |
|a Animal Disease
|x nursing
|v Dictionary.
|
| 700 |
1 |
|
|a Guthrie, S.
|
| 999 |
|
|
|a MARS
|
| 999 |
f |
f |
|s 76b99f0b-0c20-306f-b7d1-a1319f2ade1c
|i d58a0928-a23f-3241-9a2f-46844487fcfa
|t 0
|
| 952 |
f |
f |
|p preservation
|a Texas A&M University
|b J.J. Pickle Campus
|c High Density Repository
|d Remote Storage
|t 0
|e SF 774.5 L265d 1999
|h National Library of Medicine classification
|i unmediated -- volume
|m 323890158663B
|
| 998 |
f |
f |
|a SF 774.5 L265d 1999
|t 0
|l Remote Storage
|